Statistiques concernant Nommez un Mot de Cinq Lettres Valide A-Z

Cliquez ici pour prendre le quiz!

Statistiques générales

  • Ce quiz a été pris 57 427 fois
  • Le résultat moyen est 17 sur 26

Statistiques - réponses

# PossibleMots% Correct
C666celui, chien, cœur...
94%
A531aller, amour, autre...
93%
B585blanc, boire, bruit...
93%
D384doigt, douze, durée...
88%
F417femme, fleur, fruit...
88%
M472maman, merci, moins...
82%
G407genou, glace, grand...
81%
L416lapin, livre, lundi...
79%
J163jambe, jeudi, jouer...
78%
P625petit, pomme, poule...
77%
H225herbe, hiver, homme...
75%
E319effet, enfin, exact...
74%
N219nager, neige, nuage...
70%
R508rêver, rouge, rugby...
68%
T532table, tenir, trois...
67%
S595salut, singe, sport...
66%
O192ombre, oncle, ouest...
60%
K118kayak, kebab, koala...
59%
V272vache, venir, votre...
59%
I130igloo, image, issue...
54%
Q27quand, queue, quota...
45%
Z55zèbre, zloty, zumba...
41%
W27wagon, waouh, wolof...
40%
U56ultra, union, utile...
34%
Y27yacht, yodel, youpi...
24%
X10xénon, xhosa, xipho...
14%

Distribution des résultats

Percentile par nombre de réponses

% des personnes avec chaque résultat

Votre développement - résultats

Vous n’avez pas pris ce quiz